000 00773cab a2200253 4500
001 WB2908-09
008 090401t1993 xxu||||| |||| 00| 0 eng d
035 _a(Sirsi) u59116
041 _aeng
245 _aRetailers under assault
260 _c1993
350 _a0
490 _aFinancial Times
_v22 February 1993, 8(1)
520 _aIncreasing crime attacks on shoppers and shopkeepers are increasing the need for tighter security in shopping centres.
650 _aBRITISH COUNCIL OF SHOPPING CENTRES
650 _aCCTV SYSTEMS
650 _aCRIME PREVENTION
650 _aFACILITIES MANAGEMENT
_96240
650 _aSECURITY
650 _aSHOPPING CENTRES
690 _aPROPERTY-COMMERCIAL PROPERTY-RETAIL PROPERTY
942 _n0
948 _c04/03/1997
999 _c36219
_d36219